Nehmotná aktíva a investice do lidského kapitálu

Nehmotné investície a ich význam. Pojem intelektuálny a ľudský kapitál. Meranie ľuského kapitálu a meranie jeho prírastku vysokoškolským vzdelaním Analýza odhadovanej výšky mzdy a porovnanie súkromných a verejných VŠ.

Saved in:
Bibliographic Details
Main Author: Urbánek, Václav
Format: Book Chapter
Language:Czech
Subjects:
Tags: Add Tag
No Tags, Be the first to tag this record!

MARC

LEADER 00000naa$a2200000$$$4500
001 0027231
005 20231114081636.5
041 0 |a cze 
044 |a CZ 
245 1 0 |a Nehmotná aktíva a investice do lidského kapitálu  |c Václav Urbánek 
520 |a Nehmotné investície a ich význam. Pojem intelektuálny a ľudský kapitál. Meranie ľuského kapitálu a meranie jeho prírastku vysokoškolským vzdelaním Analýza odhadovanej výšky mzdy a porovnanie súkromných a verejných VŠ. 
610 2 0 |a financie verejné 
610 2 0 |a kapitál intelektuálny 
610 2 0 |a kapitál ľudský 
610 2 0 |a aktíva 
610 2 0 |a investície 
610 2 0 |a vzdelanie vysokoškolské 
610 2 0 |a školy vysoké 
610 2 0 |a návratnosť investícií 
100 1 |a Urbánek, Václav